000 00764pam a2200205 a 4500
020 _a0070529868 (alk. paper)
082 0 0 _a624.068
_bRIT
_cL-39,P-182
100 1 _aRitz, George J.
_936880
245 1 0 _aTotal construction project management /
_cGeorge J. Ritz.
260 _aNew York :
_bMcGraw-Hill,
_cc1994.
300 _axiv, 448 p. :
_bill. ;
_c24 cm.
526 _a0
_b0
_c0
_d624_068000000000000_RIT
650 0 _aConstruction industry
_xManagement.
_9806
650 0 _aConstruction projects
_xManagement.
_936881
650 0 _aMCE
_9379
856 4 1 _uhttp://www.loc.gov/catdir/toc/mh022/93027856.html
856 4 2 _uhttp://www.loc.gov/catdir/bios/mh041/93027856.html
856 4 2 _uhttp://www.loc.gov/catdir/description/mh022/93027856.html
942 _2ddc
_cBK
999 _c541828
_d541828